| 000 | 00916 a2200241 4500 | ||
|---|---|---|---|
| 003 | Nust | ||
| 005 | 20221012135957.0 | ||
| 010 | _a 96070735 | ||
| 020 | _a817029780x | ||
| 035 | _a(OCoLC)35996768 | ||
| 040 | _cNust | ||
| 082 | 0 | 0 | _a005.4469,COW |
| 100 | 1 |
_aCowart, Robert. _936845 |
|
| 245 | 1 | 0 |
_aFast track to NT server 4 : _bthe Fast, Easy Guide to Installing and Configuration NT Server 4 / _cRobert Cowart, Boyd Waters. |
| 260 |
_aSan Francisco : _bSybex, _cc1997. |
||
| 300 |
_axxii, 488 p. : _billus. ; _c22 cm. |
||
| 505 | _aPART-1: Starting Out (Page-1), PART-2: Building A Solid System (Page-165), PART-3: Networking and Security (Page-293), PART-4: BackOffice and Internet Systems (Page-419). | ||
| 538 | _aAlmirah No. 7 Shelf No. 6 | ||
| 650 | 0 |
_aClient/server computing. _981735 |
|
| 650 | 0 | _aOperating systems (Computers) | |
| 700 | 1 |
_aWaters, Boyd. _9100025 |
|
| 942 |
_2ddc _cBK _k005.4469,COW |
||
| 999 |
_c179824 _d179824 |
||